ARRUPE JESUIT UNIVERSITY

CORONAVIRUS -STOP THE SPREAD - CLEAN,DISINFECT,COVER

Symbolic and structural archaeology / (Record no. 128922)

MARC details
000 -LEADER
fixed length control field 01207pam a2200289 a 4500
001 - CONTROL NUMBER
control field 4679708
003 - CONTROL NUMBER IDENTIFIER
control field ARRUPE
005 - DATE AND TIME OF LATEST TRANSACTION
control field 20190208121435.0
008 - FIXED-LENGTH DATA ELEMENTS--GENERAL INFORMATION
fixed length control field 811102s1982 enkab b 101 0 eng
010 ## - LIBRARY OF CONGRESS CONTROL NUMBER
LC control number 81017992
020 ## - INTERNATIONAL STANDARD BOOK NUMBER
International Standard Book Number 0521244064
040 ## - CATALOGING SOURCE
Original cataloging agency DLC
Transcribing agency DLC
Modifying agency DLC
050 00 - LIBRARY OF CONGRESS CALL NUMBER
Classification number SPC. CC51
Item number .S986 1982
082 00 - DEWEY DECIMAL CLASSIFICATION NUMBER
Classification number 930.1/01
Edition number 19
300 ## - PHYSICAL DESCRIPTION
Other physical details ill., maps ;
Dimensions 29 cm.
245 00 - TITLE STATEMENT
Title Symbolic and structural archaeology /
Statement of responsibility, etc edited by Ian Hodder for the Cambridge seminar on symbolic and structural archaeology.
260 ## - PUBLICATION, DISTRIBUTION, ETC. (IMPRINT)
Place of publication, distribution, etc Cambridge [Cambridgeshire] ;
-- New York, N.Y. :
Name of publisher, distributor, etc Cambridge University Press,
Date of publication, distribution, etc 1982.
300 ## - PHYSICAL DESCRIPTION
Extent viii, 188 p. :
440 #0 - SERIES STATEMENT/ADDED ENTRY--TITLE
Title New directions in archaeology
9 (RLIN) 43933
504 ## - BIBLIOGRAPHY, ETC. NOTE
Bibliography, etc Includes bibliographies and index.
650 #0 - SUBJECT ADDED ENTRY--TOPICAL TERM
Topical term or geographic name as entry element Archaeology
General subdivision Philosophy
-- Congresses.
9 (RLIN) 44452
700 1# - ADDED ENTRY--PERSONAL NAME
Personal name Hodder, Ian.
9 (RLIN) 44453
Relator term ed.
710 2# - ADDED ENTRY--CORPORATE NAME
Corporate name or jurisdiction name as entry element University of Cambridge.
9 (RLIN) 44454
856 42 - ELECTRONIC LOCATION AND ACCESS
Materials specified Publisher description
Uniform Resource Identifier <a href="http://www.loc.gov/catdir/enhancements/fy0703/81017992-d.html">http://www.loc.gov/catdir/enhancements/fy0703/81017992-d.html</a>
856 41 - ELECTRONIC LOCATION AND ACCESS
Materials specified Table of contents only
Uniform Resource Identifier <a href="http://www.loc.gov/catdir/enhancements/fy0703/81017992-t.html">http://www.loc.gov/catdir/enhancements/fy0703/81017992-t.html</a>
906 ## - LOCAL DATA ELEMENT F, LDF (RLIN)
a 7
b cbc
c orignew
d 1
e ocip
f 19
g y-gencatlg
942 ## - ADDED ENTRY ELEMENTS (KOHA)
Source of classification or shelving scheme Library of Congress Classification
Koha item type SPC
Holdings
Withdrawn status Lost status Source of classification or shelving scheme Damaged status Not for loan Collection code Home library Current library Shelving location Date acquired Total Checkouts Full call number Barcode Date last seen Price effective from Koha item type
    Library of Congress Classification     SPECIAL Collection ARRUPE LIBRARY ARRUPE LIBRARY REFERENCE 06/02/2019   SPC. CC51 .S986 1982 46600003654 06/02/2019 06/02/2019 SPC

 

Arrupe Library. PO Box MP320 Mt Pleasant, Harare, Zimbabwe
263 242 745411|librarian@aju.ac.zw